Paměti starého vlastence. [I]-II /

Hlavní autor: Turnovský, Josef Ladislav, 1838-1901
Jazyk: Čeština
Vydáno: V Praze : Alois Hynek, [1901]
Fyzický popis: 359, 79 s. ; 8°
Knihy
Uloženo v:
LEADER 00878nam a22002652a 4500
001 000277513
003 CZ BrMZK
005 20161208142458.0
007 ta
008 980105s1901 xr f cze d
015 |a cnb000635631 
035 |a (OCoLC)85486793 
040 |a ABA001  |b cze  |c ABA001  |d ABA001 
100 1 |a Turnovský, Josef Ladislav,  |d 1838-1901  |7 jk01140469  |4 aut 
245 1 0 |a Paměti starého vlastence.  |n [I]-II /  |c napsal J.L. Turnovský 
260 |a V Praze :  |b Alois Hynek,  |c [1901] 
300 |a 359, 79 s. ;  |c 8° 
501 |a Obsahuje přívazek  |5 CZ-PrNK 
910 |a BOA001  |b 1-0023.154 
990 |a BK 
995 |a 01 
993 |a Y 
991 |b 201612 
996 6 |b 2619771271  |c 1-0023.154  |l MZK  |r Sklad / do 1 hodiny  |n 3  |w 000277513  |u 000020  |a 1  |e BOA001  |j MZK50  |s P 
996 6 |b 2619885529  |c 1-0023.154  |l MZK  |r Sklad / do 1 hodiny  |n 7  |w 000277513  |u 000010  |a 1  |e BOA001  |j MZK50  |s P